[Event "Kiel op 17th"]
[Site "Kiel"]
[Date "2004.07.25"]
[Round "3"]
[White "Epishin, Vladimir"]
[Black "Madsen, Dag"]
[Result "1-0"]
[WhiteElo "2635"]
[BlackElo "2286"]
[PlyCount "71"]
[EventDate "2004.07.24"]
[EventType "swiss"]
[EventRounds "9"]
[EventCountry "GER"]
[SourceTitle "CBM 101 Extra"]
[Source "ChessBase"]
[SourceDate "2004.09.01"]
[SourceVersion "2"]
[SourceVersionDate "2004.09.01"]
[SourceQuality "1"]

1. d4 d5 2. c4 c6 3. Nf3 Nf6 4. Nc3 dxc4 5. a4 Bf5 6. Nh4 Bd7 7. e4 e6 8. g3 c5 9. d5 exd5 10. exd5 Bd6 11. Qe2+ Qe7 12. Qxe7+ Kxe7 13. Bxc4 a6 14. 0-0 h6 15. Re1+ Kf8 16. Ng2 g5 17. b3 Bh3 18. Bb2 Nbd7 19. Ne4 Nxe4 20. Rxe4 f6 21. f4 Re8 22. Re6 Bxe6 23. dxe6 Nb6 24. Bxf6 Rh7 25. f5 Nxc4 26. bxc4 b5 27. Ne3 Rb7 28. axb5 axb5 29. cxb5 c4 30. Nxc4 Bc5+ 31. Kg2 Rxb5 32. Ne5 Kg8 33. Nd7 Bb6 34. Be5 g4 35. Nf6+ Kh8 36. Nxg4+ 1-0

[Event "NOR-chTA final"]
[Site "Trondheim"]
[Date "2004.05.20"]
[Round "2.1"]
[White "Carlsen, Magnus"]
[Black "Madsen, Dag"]
[Result "1-0"]
[WhiteElo "2552"]
[BlackElo "2287"]
[PlyCount "65"]
[EventDate "2004.05.19"]
[EventType "team"]
[EventRounds "5"]
[EventCountry "NOR"]
[SourceTitle "CBM 100 Extra"]
[Source "ChessBase"]
[SourceDate "2004.07.06"]
[SourceVersion "2"]
[SourceVersionDate "2004.07.06"]
[SourceQuality "1"]
[WhiteTeam "06"]
[BlackTeam "07"]
[WhiteTeamCountry "NOR"]
[BlackTeamCountry "NOR"]

1. e4 Nf6 2. e5 Nd5 3. d4 d6 4. Nf3 dxe5 5. Nxe5 c6 6. Be2 Bf5 7. 0-0 Nd7 8. Nf3 e6 9. c4 Nb4 10. a3 Nc2 11. Ra2 Nxd4 12. Qxd4 c5 13. Qc3 Bxb1 14. Bg5 f6 15. Rxb1 fxg5 16. Qe3 Be7 17. Rd1 Bf6 18. b4 Qe7 19. Rad2 Nf8 20. Rd6 cxb4 21. axb4 h5 22. c5 g4 23. Nd2 Kf7 24. Ne4 Rh6 25. Bc4 Kg8 26. Nxf6+ Rxf6 27. b5 Kh8 28. c6 bxc6 29. bxc6 a5 30. Qg5 Qf7 31. Rd8 Rxd8 32. Rxd8 Rf5 33. Qxf5 1-0

[Event "Brokstad Memorial"]
[Site "Norway"]
[Date "2003.??.??"]
[Round "4"]
[White "Madsen, Dag"]
[Black "Lillelokken, Kjell Arne"]
[Result "1/2-1/2"]
[WhiteElo "2240"]
[BlackElo "1905"]
[PlyCount "120"]
[EventDate "2003.??.??"]
[EventType "swiss"]
[EventRounds "5"]
[EventCountry "NOR"]
[SourceTitle "EXT 2007"]
[Source "ChessBase"]
[SourceDate "2006.11.23"]
[SourceVersion "1"]
[SourceVersionDate "2006.11.23"]
[SourceQuality "1"]

1. d4 e6 2. Nf3 d5 3. c4 f5 4. Bg5 Nf6 5. e3 c6 6. Nbd2 Be7 7. Ne5 0-0 8. Bd3 Nbd7 9. Nxd7 Bxd7 10. 0-0 h6 11. Bf4 g5 12. Be5 Ne4 13. Bxe4 dxe4 14. c5 Be8 15. Qb3 Qd7 16. Nc4 Bh5 17. Rfe1 Rf7 18. a4 Bd8 19. a5 Qd5 20. Ra3 Rh7 21. Kf1 a6 22. Rea1 Rc8 23. Nd6 Qxb3 24. Rxb3 Rcc7 25. Ra4 Bd1 26. Rab4 Bxb3 27. Rxb3 Rcd7 28. Nc4 h5 29. Bd6 Bc7 30. Ke2 Bxd6 31. cxd6 Kf7 32. Ne5+ Kf6 33. Nxd7+ Rxd7 34. f4 exf3+ 35. gxf3 e5 36. Rb4 exd4 37. Rxd4 Ke6 38. h4 g4 39. e4 fxe4 40. Rxe4+ Kd5 41. Rf4 gxf3+ 42. Kxf3 Rxd6 43. Rf7 Kc5 44. Rxb7 Rd4 45. Rb6 Rxh4 46. Rxa6 Rb4 47. Ra8 Rxb2 48. a6 Ra2 49. Rh8 Rxa6 50. Rxh5+ Kd4 51. Ke2 c5 52. Kd2 Ra2+ 53. Kc1 c4 54. Rh3 Rg2 55. Ra3 Kc5 56. Rh3 Kb4 57. Rf3 Ra2 58. Rh3 Ra3 59. Rxa3 Kxa3 60. Kc2 Kb4 1/2-1/2

[Event "Werther Schloss op-A 7th"]
[Site "Werther"]
[Date "2001.04.08"]
[Round "5"]
[White "Madsen, Dag"]
[Black "Siebrecht, Sebastian"]
[Result "1/2-1/2"]
[WhiteElo "2293"]
[BlackElo "2413"]
[PlyCount "78"]
[EventDate "2001.04.06"]
[EventType "swiss"]
[EventRounds "5"]
[EventCountry "GER"]
[SourceTitle "EXT 2002"]
[Source "ChessBase"]
[SourceDate "2001.11.25"]
[SourceVersion "1"]
[SourceVersionDate "2001.11.25"]
[SourceQuality "1"]

1. d4 g6 2. c4 Bg7 3. g3 d5 4. cxd5 Nf6 5. Bg2 Nxd5 6. e4 Nb6 7. Ne2 0-0 8. Nbc3 e6 9. a4 a5 10. b3 c5 11. Be3 cxd4 12. Nxd4 Nc6 13. Ndb5 Qxd1+ 14. Rxd1 Nd7 15. 0-0 Nb4 16. Rd2 b6 17. e5 Rb8 18. f4 Nc5 19. Bxc5 bxc5 20. Rfd1 g5 21. fxg5 Bxe5 22. Ne4 Ba6 23. Nf6+ Bxf6 24. gxf6 Bxb5 25. axb5 Rxb5 26. Rd8 Rb8 27. R8d7 Nc2 28. Rc1 Ne3 29. Rxc5 h6 30. Rd3 Nxg2 31. Kxg2 Rfd8 32. Rxd8+ Rxd8 33. h4 Rd2+ 34. Kf3 Rd3+ 35. Kf2 Rxb3 36. Rxa5 Kh7 37. h5 Rb2+ 38. Kf3 Rb3+ 39. Kf2 Rb2+ 1/2-1/2

[Event "NOR-chT"]
[Site "Oslo"]
[Date "2000.06.03"]
[Round "4"]
[White "Egeli, Per Ove"]
[Black "Madsen, Dag"]
[Result "1/2-1/2"]
[WhiteElo "2347"]
[BlackElo "2294"]
[PlyCount "41"]
[EventDate "2000.05.31"]
[EventType "team"]
[EventRounds "5"]
[EventCountry "NOR"]
[SourceTitle "CBM 076 Extra"]
[Source "ChessBase"]
[SourceDate "2000.07.11"]
[SourceVersion "1"]
[SourceVersionDate "2000.07.11"]
[SourceQuality "1"]

1. d4 d5 2. Nf3 Nf6 3. g3 c6 4. Bg2 Bf5 5. 0-0 h6 6. b3 e6 7. Bb2 Be7 8. Nbd2 0-0 9. Ne5 Nbd7 10. e3 a5 11. a3 Qb6 12. Re1 Rfd8 13. Rc1 Nxe5 14. dxe5 Nd7 15. Qe2 Nc5 16. Nf3 Bg6 17. Red1 Qc7 18. Nd2 a4 19. b4 Nd7 20. f4 b5 21. e4 1/2-1/2